MARC

LEADER 00000nam0a2200000 4500
001 318224
005 20231102003044.0
035 |a (RuTPU)RU\TPU\book\343722 
035 |a RU\TPU\book\64203 
090 |a 318224 
100 |a 20160422d1977 k y0rusy50 ca 
101 0 |a rus 
102 |a RU 
105 |a a z 001zy 
200 1 |a Теоретические основы построения автоматизированных систем управления. Разработка технического проекта  |f А. А. Воронов, Г. А. Кондратьев, Ю. В. Чистяков  |g АН СССР, ДВО, Институт автоматики и процессов управления (ИАПУ) 
210 |a Москва  |c Наука  |d 1977 
215 |a 232 с.  |c ил. 
320 |a Библиогр.: с. 228-230 
606 1 |a Автоматизированные системы планирования и управления  |2 stltpush  |3 (RuTPU)RU\TPU\subj\615  |9 29488 
610 1 |a АСУ 
610 1 |a построение 
610 1 |a разработка 
610 1 |a технические проекты 
610 1 |a алгоритмы решения 
610 1 |a выбор 
610 1 |a экономическое обоснование 
610 1 |a информационное обеспечение 
610 1 |a математическое обеспечение 
610 1 |a техническое обеспечение 
610 1 |a затраты 
610 1 |a расчеты 
610 1 |a внедрение 
675 |a 658.012.011.56  |v 3 
700 1 |a Воронов  |b А. А.  |g Авенир Аркадьевич 
701 1 |a Кондратьев  |b Г. А.  |g Геннадий Алексеевич 
701 1 |a Чистяков  |b Ю. В.  |g Юрий Всеволодович 
712 0 2 |a Академия наук СССР (АН СССР)  |b Дальневосточное отделение (ДВО)  |b Институт автоматики и процессов управления (ИАПУ)  |c (Владивосток)  |2 stltpush  |3 (RuTPU)RU\TPU\col\4503 
801 1 |a RU  |b 63413507  |c 20040218  |g PSBO 
801 2 |a RU  |b 63413507  |c 20171031  |g PSBO 
942 |c BK